[Event "4NCL/Div1/BET vs. SLO1"]
[Site "West Bromwich ENG"]
[Date "2004.05.03"]
[Round "9.5"]
[White "Ledger, Andrew J"]
[Black "Devereaux, Maxim"]
[Result "1-0"]
[WhiteElo "2443"]
[BlackElo "2325"]
[PlyCount "165"]
[EventDate "2004.05.03"]

1. c4 e5 2. Nc3 Nf6 3. Nf3 Nc6 4. e3 Bb4 5. Qc2 d6 6. a3 Bxc3 7. Qxc3 O-O 8.
Be2 Bg4 9. d3 e4 10. dxe4 Nxe4 11. Qc2 Ng5 12. Bd2 Bh5 13. Nxg5 Qxg5 14. Bxh5
Qxh5 15. O-O Rfe8 16. e4 Qh4 17. Rae1 Re7 18. Re3 Rae8 19. Rfe1 Nd4 20. Qd3 Ne6
21. Rg3 f5 22. Qd5 Kh8 23. Qxf5 Nd4 24. Qg4 Qxg4 25. Rxg4 Nc6 26. Bc3 Ne5 27.
Bxe5 Rxe5 28. b4 a5 29. f3 axb4 30. axb4 Ra8 31. f4 Re7 32. Rg5 Ra4 33. Ra5
Rxa5 34. bxa5 h5 35. Kf2 Re8 36. Kg3 Ra8 37. Rb1 Rxa5 38. Rxb7 Rc5 39. Rb5 Rxc4
40. Rxh5+ Kg8 41. e5 Rc5 42. Kf3 dxe5 43. fxe5 Rc1 44. Ke4 Kf7 45. Rg5 Rd1 46.
h4 c5 47. h5 c4 48. e6+ Kxe6 49. Rxg7 c3 50. Rc7 Kf6 51. Kf4 Rd4+ 52. Kg3 Rd3+
53. Kh4 Rd2 54. Rc6+ Kg7 55. g4 c2 56. Kg5 Rd5+ 57. Kf4 Rd2 58. Kf5 Rd5+ 59.
Ke4 Rd2 60. g5 Kf7 61. Rc7+ Ke6 62. h6 Re2+ 63. Kf4 Rh2 64. Kg3 Rh5 65. Kg4 Rh2
66. Rc8 Rg2+ 67. Kf4 Rh2 68. Rc6+ Kd7 69. Rxc2 Rxc2 70. h7 Rh2 71. g6 Ke7 72.
g7 Rxh7 73. g8=Q Rf7+ 74. Ke5 Rf1 75. Qe6+ Kf8 76. Qc8+ Kg7 77. Qc3 Rf8 78.
Ke6+ Kg6 79. Qg3+ Kh6 80. Qg4 Rc8 81. Qh3+ Kg7 82. Qg3+ Kh6 83. Kf7 1-0

[Event "4NCL/Div1/BET vs. SLO1"]
[Site "West Bromwich ENG"]
[Date "2004.05.03"]
[Round "9.6"]
[White "Dearing, Eddie"]
[Black "Ledger, David J"]
[Result "1-0"]
[WhiteElo "2378"]
[BlackElo "2289"]
[PlyCount "67"]
[EventDate "2004.05.03"]

1. d4 f5 2. c4 e6 3. g3 Nf6 4. Bg2 Be7 5. Nf3 O-O 6. O-O d6 7. Nc3 a5 8. b3 Ne4
9. Bb2 Qe8 10. Nxe4 fxe4 11. Ne1 d5 12. f3 exf3 13. Bxf3 dxc4 14. bxc4 c5 15.
d5 Kh8 16. Nd3 exd5 17. cxd5 Bh3 18. Re1 Bd6 19. e4 c4 20. Nf2 Bc5 21. Bd4 Bxd4
22. Qxd4 Rxf3 23. Nxh3 Qh5 24. Rf1 Nd7 25. Nf4 Rxf1+ 26. Rxf1 Qe5 27. Qxc4 Nf6
28. Re1 b5 29. Qc6 Qd4+ 30. Kg2 Rd8 31. Qxb5 Nxe4 32. Re2 Nc3 33. Re8+ Rxe8 34.
Qxe8# 1-0

[Event "4NCL/Div1/BET vs. SLO1"]
[Site "West Bromwich ENG"]
[Date "2004.05.03"]
[Round "9.7"]
[White "Ledger, Stephen C"]
[Black "Howell, David W L"]
[Result "0-1"]
[WhiteElo "2211"]
[BlackElo "2332"]
[PlyCount "108"]
[EventDate "2004.05.03"]

1. d4 Nf6 2. Nf3 g6 3. Bf4 d6 4. e3 Nh5 5. Bg5 h6 6. Bh4 g5 7. Bg3 Bg7 8. c3
Nd7 9. Bd3 e6 10. Nfd2 Nxg3 11. hxg3 Qe7 12. Na3 Nf6 13. e4 e5 14. d5 h5 15.
Nc2 h4 16. gxh4 gxh4 17. Bb5+ Kf8 18. Ne3 Nh5 19. Qf3 Qg5 20. O-O-O Ke7 21.
Rdf1 Nf6 22. Qe2 Ng4 23. Nxg4 Qxg4 24. f3 Qf4 25. Kc2 a6 26. Bd3 Bd7 27. c4 Bf6
28. Nb3 Rag8 29. Rf2 Rg3 30. Qd2 Bg5 31. Qxf4 Bxf4 32. Nc1 Rg7 33. b3 Rhg8 34.
Bf1 f5 35. Nd3 Bg3 36. Re2 fxe4 37. Rxe4 Bf5 38. Re2 Kd8 39. Kc3 Rf8 40. a4 a5
41. Rd2 b6 42. Re2 Bc8 43. Nf2 Rf4 44. Ne4 h3 45. Re3 hxg2 46. Bxg2 Be1+ 47.
Rhxe1 Rxg2 48. Rh1 Bf5 49. Rf1 Ke7 50. Kd3 Rg3 51. Rh1 Rgxf3 52. Rxf3 Rxf3+ 53.
Ke2 Bxe4 54. Rh4 Rf4 0-1

[Event "4NCL/Div1/BET vs. SLO1"]
[Site "West Bromwich ENG"]
[Date "2004.05.03"]
[Round "9.8"]
[White "Smith, Andrew P"]
[Black "Tidman, Sophie"]
[Result "0-1"]
[WhiteElo "2202"]
[BlackElo "2118"]
[PlyCount "120"]
[EventDate "2004.05.03"]

1. e4 e6 2. d4 d5 3. Nc3 Bb4 4. e5 c5 5. a3 Bxc3+ 6. bxc3 Qa5 7. Bd2 Qa4 8. Nf3
b6 9. h4 Ba6 10. h5 Bxf1 11. Kxf1 h6 12. dxc5 bxc5 13. Rh4 Qa6+ 14. Qe2 Qxe2+
15. Kxe2 Ne7 16. Rg4 Nf5 17. Ra4 Nc6 18. Rb1 O-O 19. g4 Nfe7 20. Be3 c4 21. Bc5
a5 22. Bxe7 Nxe7 23. Nd4 Ra7 24. Rb6 Rfa8 25. Ke3 Nc8 26. Rb5 Ra6 27. Kd2 Nb6
28. Raxa5 Rxa5 29. Rxb6 Rxa3 30. f3 R3a6 31. Rxa6 Rxa6 32. Ne2 f6 33. f4 Kf7
34. Ke3 Ra1 35. Kf3 fxe5 36. fxe5 g6 37. hxg6+ Kxg6 38. Nf4+ Kf7 39. Ne2 Rd1
40. Ke3 Ke7 41. Kf3 Kd7 42. Kf4 Re1 43. Kf3 Kc7 44. Kf2 Rd1 45. Nd4 Kb6 46. Ke2
Rg1 47. Kf3 Rf1+ 48. Kg3 Re1 49. Nxe6 Rxe5 50. Nf4 Ka5 51. Kf3 Ka4 52. Ng6 Rg5
53. Nf4 Ka3 54. Ke3 Kb2 55. Kd2 Rxg4 56. Nxd5 Rg2+ 57. Ke3 Kxc2 58. Kd4 Rg4+
59. Kc5 Kd3 60. Kb4 h5 0-1

[Event "4NCL/Div1/RIC vs. BAR2"]
[Site "West Bromwich ENG"]
[Date "2004.05.03"]
[Round "9.1"]
[White "Cech, Pavel"]
[Black "Taylor, Martin R"]
[Result "1-0"]
[WhiteElo "2395"]
[BlackElo "2332"]
[PlyCount "119"]
[EventDate "2004.05.03"]

1. d4 d5 2. c4 e6 3. Nc3 Nf6 4. Bg5 Nbd7 5. Nf3 c6 6. cxd5 exd5 7. e3 Be7 8.
Bd3 O-O 9. Qc2 Re8 10. O-O Nf8 11. h3 Be6 12. Rab1 N6d7 13. Bf4 a5 14. a3 Nb6
15. b4 Ng6 16. Bg3 Nc4 17. Bxc4 dxc4 18. e4 axb4 19. axb4 b5 20. d5 Bd7 21.
Rfd1 Qb6 22. Nd4 Bf6 23. dxc6 Bxc6 24. Nxc6 Qxc6 25. Rd6 Qb7 26. Nd5 Be5 27.
Rb6 Qa7 28. Bxe5 Nxe5 29. Rxb5 Nd3 30. Ra5 Nxb4 31. Rxa7 Nxc2 32. Rxa8 Rxa8 33.
Rc1 Ra1 34. Rxa1 Nxa1 35. Kf1 Nb3 36. Ke2 f6 37. f3 Kf7 38. Ne3 Na5 39. Kd2 Kg6
40. Kc3 Kg5 41. g3 Kg6 42. Nxc4 Nc6 43. f4 Kf7 44. Nd6+ Ke7 45. Nf5+ Kf7 46.
Kc4 Nd8 47. Kd5 h5 48. e5 fxe5 49. fxe5 Ne6 50. Nd4 Nf8 51. e6+ Kf6 52. Kd6 Ng6
53. g4 hxg4 54. hxg4 Kg5 55. Nf3+ Kf6 56. g5+ Kf5 57. e7 Nxe7 58. Kxe7 Kf4 59.
Kf7 Kxf3 60. Kxg7 1-0

[Event "4NCL/Div1/RIC vs. BAR2"]
[Site "West Bromwich ENG"]
[Date "2004.05.03"]
[Round "9.2"]
[White "Woodward, Timothy D M"]
[Black "Quinn, Mark"]
[Result "1/2-1/2"]
[WhiteElo "2343"]
[BlackElo "2400"]
[PlyCount "69"]
[EventDate "2004.05.03"]

1. d4 Nf6 2. c4 e6 3. Nc3 Bb4 4. Qc2 Nc6 5. Nf3 d6 6. a3 Bxc3+ 7. Qxc3 a5 8. b3
h6 9. Bb2 O-O 10. e3 Re8 11. Be2 e5 12. dxe5 dxe5 13. Rd1 Qe7 14. h3 Bf5 15.
O-O Ne4 16. Qc1 Nc5 17. Qc3 Ne4 18. Qc1 Rad8 19. Rd5 f6 20. Rfd1 Nc5 21. Qc3
Be6 22. Rxd8 Rxd8 23. Qc2 Rxd1+ 24. Qxd1 Qd7 25. Qxd7 Bxd7 26. Nd2 Bf5 {(=)}
27. Bd1 Bd3 28. Bc3 e4 29. b4 axb4 30. axb4 Nd7 31. Bb3 Kf8 32. c5 Ne7 33. f3
exf3 34. gxf3 b6 35. cxb6 1/2-1/2

[Event "4NCL/Div1/RIC vs. BAR2"]
[Site "West Bromwich ENG"]
[Date "2004.05.03"]
[Round "9.3"]
[White "Bates, Richard A"]
[Black "Cox, John J"]
[Result "1-0"]
[WhiteElo "2376"]
[BlackElo "2321"]
[PlyCount "91"]
[EventDate "2004.05.03"]

1. d4 Nf6 2. Nf3 e6 3. c4 d5 4. g3 Be7 5. Bg2 O-O 6. O-O dxc4 7. Qc2 a6 8. Nbd2
b5 9. Ne5 Nd5 10. b3 c3 11. Ndf3 Bb7 12. a3 a5 13. e4 Nf6 14. Ng5 Ne8 15. Ngxf7
Rxf7 16. Nxf7 Kxf7 {(=)} 17. Qxc3 Nf6 18. Re1 Kg8 19. Bb2 Nbd7 20. Rad1 b4 21.
Qc1 bxa3 22. Bxa3 Bxa3 23. Qxa3 Qf8 24. Qc1 c6 25. Qc4 Qf7 26. f4 Nb6 27. Qc5
Nfd7 28. Qd6 Nc8 29. Qc7 Ndb6 30. Qd8+ Qf8 31. Qg5 Nd6 32. Bh3 Re8 33. Qxa5
Nbc8 34. Qc5 Nb5 35. b4 h6 36. d5 e5 37. Qxf8+ Kxf8 38. fxe5 cxd5 39. exd5 Nc3
40. Rf1+ Kg8 41. Be6+ Rxe6 42. dxe6 Nd5 43. Rf7 Ba8 44. Rd7 Ncb6 45. Rd8+ Kh7
46. Rxa8 1-0

[Event "4NCL/Div1/RIC vs. BAR2"]
[Site "West Bromwich ENG"]
[Date "2004.05.03"]
[Round "9.4"]
[White "Coleman, David"]
[Black "Hinks-Edwards, Thomas"]
[Result "0-1"]
[WhiteElo "2240"]
[BlackElo "2358"]
[PlyCount "144"]
[EventDate "2004.05.03"]

1. e4 g6 2. d4 Bg7 3. Nc3 c6 4. f4 d5 5. e5 h5 6. Nf3 Nh6 7. Be2 Bg4 8. Be3 e6
9. Qd2 Nd7 10. g3 b5 11. h3 Bxf3 12. Bxf3 Nb6 13. b3 Nf5 14. Bf2 Bf8 15. Ne2 a5
16. Kf1 a4 17. Kg2 Be7 18. g4 Ng7 19. Be3 Kd7 20. Raf1 Qc7 21. Nc1 Qa7 22. Be2
Kc7 23. Bd3 Nd7 24. Ne2 b4 25. f5 gxf5 26. gxf5 Nxf5 27. Bxf5 exf5 28. Rxf5 f6
29. Rhf1 axb3 30. axb3 Raf8 31. Nf4 Kc8 32. e6 Rfg8+ 33. Kh1 Nf8 34. Qe2 Qa2
35. Rxh5 Rxh5 36. Nxh5 Rh8 37. Bg1 Kb7 38. Nf4 Qb2 39. Qd3 Bd6 40. Qf5 Be7 41.
Nd3 Qc3 42. Rf3 Qd2 43. Nc5+ Kc8 44. Rg3 Kd8 45. Qf1 Rh7 46. Qa6 Bxc5 47. Qa5+
Ke8 48. Qxc5 Qf4 49. Qxc6+ Ke7 50. Qc5+ Ke8 51. Qb5+ Ke7 52. Qxb4+ Ke8 53. Qb5+
Ke7 54. Qd3 f5 55. c4 Nxe6 56. cxd5 Ng5 57. d6+ Kd8 58. Qe3 Qxe3 59. Bxe3 Nxh3
60. Bg5+ Nxg5+ 61. Kg2 Ne4 62. Rg6 Kd7 63. b4 Nxd6 64. Kg3 Re7 65. d5 Re5 66.
Rg7+ Kc8 67. Kf4 Rxd5 68. Rh7 Rb5 69. Rg7 Rb7 70. Rg8+ Kd7 71. Rg7+ Ke6 72.
Rg6+ Kd5 0-1

[Event "4NCL/Div1/RIC vs. BAR2"]
[Site "West Bromwich ENG"]
[Date "2004.05.03"]
[Round "9.5"]
[White "Webb, Laurence E"]
[Black "Twyble, Michael S"]
[Result "1-0"]
[WhiteElo "2337"]
[BlackElo "2245"]
[PlyCount "137"]
[EventDate "2004.05.03"]

1. e4 e5 2. Nf3 Nc6 3. d4 exd4 4. Bc4 Nf6 5. e5 Ng4 6. Qe2 Qe7 7. Bf4 f6 8.
exf6 gxf6 9. Nbd2 d6 10. Nb3 Qxe2+ 11. Bxe2 d3 12. cxd3 Bh6 13. Bxh6 Nxh6 14.
Nfd4 Nxd4 15. Bh5+ Kd8 16. Nxd4 Nf5 17. Nxf5 Bxf5 18. Kd2 Kd7 19. Rae1 Rag8 20.
Bf3 c6 21. g3 Re8 22. Bh5 Rxe1 23. Rxe1 Be6 24. a3 a5 25. Bf3 Rg8 26. Re4 Bd5
27. Bg4+ Kd8 28. Rf4 Ke7 29. Bf5 h6 30. Rh4 Rh8 31. Ke3 Kf7 32. Kd4 Be6 33.
Bxe6+ Kxe6 34. Rg4 Kf7 35. h4 f5 36. Rf4 Ke6 37. Rf3 Rg8 38. Re3+ Kf6 39. Kc3
Ra8 40. d4 d5 41. Kd2 Rg8 42. Ke2 Rc8 43. Kf3 Rg8 44. Rb3 Rg7 45. Rb6 a4 46.
Rb4 b5 47. b3 axb3 48. Rxb3 Ke6 49. Re3+ Kd6 50. Kf4 Rg4+ 51. Kxf5 Rxd4 52. h5
Rd2 53. Re6+ Kc5 54. f4 Rd3 55. g4 Rxa3 56. Rxh6 b4 57. Rh8 d4 58. h6 Ra7 59.
g5 d3 60. Rd8 Kc4 61. g6 Ra5+ 62. Kf6 Rd5 63. Rxd5 cxd5 64. h7 d2 65. h8=Q d1=Q
66. Qc8+ Kb3 67. g7 Qd4+ 68. Kg6 Qe4+ 69. f5 1-0

[Event "4NCL/Div1/RIC vs. BAR2"]
[Site "West Bromwich ENG"]
[Date "2004.05.03"]
[Round "9.6"]
[White "Berry, Neil"]
[Black "Wall, Gavin"]
[Result "1/2-1/2"]
[WhiteElo "2268"]
[BlackElo "2413"]
[PlyCount "38"]
[EventDate "2004.05.03"]

1. d4 f5 2. g3 Nf6 3. Bg2 g6 4. Nf3 Bg7 5. O-O O-O 6. c4 d6 7. Nc3 Qe8 8. d5
Na6 9. Rb1 Bd7 10. b4 c6 11. dxc6 bxc6 12. a3 Nc7 13. Bb2 Rd8 14. Qa4 e5 15.
Qxa7 Ne6 16. Rfd1 e4 17. Nd4 Ra8 18. Qb6 Rb8 19. Qa7 Ra8 1/2-1/2

[Event "4NCL/Div1/RIC vs. BAR2"]
[Site "West Bromwich ENG"]
[Date "2004.05.03"]
[Round "9.7"]
[White "Franklin, Michael J"]
[Black "Pritchett, Craig W"]
[Result "1-0"]
[WhiteElo "2224"]
[BlackElo "2296"]
[PlyCount "123"]
[EventDate "2004.05.03"]

1. d4 Nf6 2. Nf3 e6 3. e3 c5 4. Bd3 b6 5. Qe2 Nc6 6. c3 Be7 7. dxc5 bxc5 8. e4
d6 9. O-O O-O 10. Nbd2 Qc7 11. Re1 Bb7 12. h3 d5 13. e5 Nd7 14. Nf1 Rae8 15.
Bf4 c4 16. Bc2 Nc5 17. b4 cxb3 18. axb3 a5 19. N1d2 f5 20. exf6 Qxf4 21. fxe7
Rxe7 22. Qb5 Qd6 23. b4 axb4 24. cxb4 Ne4 25. Nxe4 dxe4 26. Bxe4 Nd4 27. Nxd4
Qxd4 28. Qc5 Qxc5 29. bxc5 Bxe4 30. Rxe4 Rc8 31. Rc1 Rc6 32. Re5 Kf7 33. f4 Kf6
34. Kf2 h6 35. h4 Rb7 36. Rc3 Rb4 37. Kf3 Rb1 38. g4 Rh1 39. g5+ Kg6 40. Kg3
Rg1+ 41. Kf2 Rg4 42. Rc4 h5 43. Kf3 Kf7 44. Rb4 Rxh4 45. Rb7+ Kg6 46. Rb6 Rh3+
47. Ke4 Rxb6 48. cxb6 Rb3 49. Rxe6+ Kh7 50. Kd5 h4 51. Kc6 h3 52. f5 h2 53. Re1
Rc3+ 54. Kb7 Rg3 55. Rh1 Rg2 56. Kc7 Rc2+ 57. Kb8 Rb2 58. b7 Kg8 59. Rc1 Rc2
60. Ka7 Ra2+ 61. Kb6 Rb2+ 62. Kc7 1-0

[Event "4NCL/Div1/RIC vs. BAR2"]
[Site "West Bromwich ENG"]
[Date "2004.05.03"]
[Round "9.8"]
[White "Regan, Natasha"]
[Black "Wilson, Alexandra"]
[Result "1-0"]
[WhiteElo "2202"]
[BlackElo "2021"]
[PlyCount "59"]
[EventDate "2004.05.03"]

1. e4 e6 2. d4 d5 3. Nc3 Nf6 4. Bg5 Be7 5. e5 Nfd7 6. h4 c5 7. Nb5 f6 8. exf6
Nxf6 9. dxc5 Bxc5 10. Nf3 O-O 11. Bd3 Qb6 12. O-O Ne4 13. Qe1 Bd7 14. b4 Bxb5
15. bxc5 Nxc5 16. Be3 Nxd3 17. cxd3 Qa6 18. Qc3 Nd7 19. Bd4 Nf6 20. Ne5 Rac8
21. Qd2 Qa4 {(=)} 22. Qe3 Rc2 23. a3 b6 24. Rfe1 Re8 25. g4 Nd7 26. h5 Nxe5 27.
Qxe5 Re7 28. Re3 Bd7 29. h6 Rf7 30. Rf3 1-0

[Event "4NCL/Div1/WWKS vs. WGR1"]
[Site "West Bromwich ENG"]
[Date "2004.05.03"]
[Round "9.2"]
[White "Lalic, Bogdan"]
[Black "Thomas, Nicholas"]
[Result "1-0"]
[WhiteElo "2535"]
[BlackElo "2263"]
[PlyCount "95"]
[EventDate "2004.05.03"]

1. d4 e6 2. c4 f5 3. Nf3 Nf6 4. Nc3 Bb4 5. Qb3 a5 6. e3 b6 7. Be2 Bb7 8. O-O
O-O 9. c5 Bxc3 10. bxc3 a4 11. Qb2 d6 12. cxb6 cxb6 13. c4 Nbd7 14. Qb4 Ne8 15.
Ba3 Rf6 16. c5 dxc5 17. dxc5 Nxc5 18. Rfd1 Bd5 19. Bc4 Rb8 20. Bb2 Nc7 21. Bxf6
Qxf6 22. Be2 g5 23. Rac1 Rb7 24. Bc4 Bxc4 25. Qxc4 Nd5 26. Nd4 Rd7 27. h3 h5
28. Qb5 Rd8 29. Nc6 Rf8 30. Rd4 g4 31. Nb4 Nxb4 32. Qxb4 e5 33. Rd5 gxh3 34. g3
Qc6 35. Qd2 Kh7 36. Kh2 f4 37. exf4 Rd8 38. Rd1 Ne6 39. fxe5 Rf8 40. f4 h4 41.
Rd7+ Kh8 42. Rg1 Qf3 43. Qc2 Ng7 44. Qg6 hxg3+ 45. Qxg3 Qe2+ 46. Kxh3 Nf5 47.
Qg4 Qe3+ 48. Kh2 1-0

[Event "4NCL/Div1/WWKS vs. WGR1"]
[Site "West Bromwich ENG"]
[Date "2004.05.03"]
[Round "9.3"]
[White "Hynes, Anthony"]
[Black "Ward, Christopher"]
[Result "0-1"]
[WhiteElo "2289"]
[BlackElo "2500"]
[PlyCount "84"]
[EventDate "2004.05.03"]

1. e4 c5 2. Nf3 d6 3. d4 cxd4 4. Nxd4 Nf6 5. Nc3 g6 6. Be3 Bg7 7. f3 a6 8. Qd2
Nbd7 9. a4 O-O 10. h4 h5 11. O-O-O Ne5 12. Bg5 Bd7 13. Be2 Rc8 14. Nb3 Be6 15.
Nd5 Bxd5 16. exd5 Nc4 17. Bxc4 Rxc4 18. a5 Qd7 19. Qd3 Rfc8 20. Rd2 Rb4 21. Re1
Rb5 22. Bxf6 Bxf6 23. Re4 b6 24. axb6 Qb7 25. g4 Qxb6 26. Kb1 Rcc5 27. Qe3 hxg4
28. fxg4 Rc7 29. Qg3 Rb4 30. Rxb4 Qxb4 31. h5 a5 32. hxg6 a4 33. gxf7+ Kf8 34.
g5 Be5 35. Qh3 axb3 36. Qh7 bxc2+ 37. Rxc2 Qe1+ 38. Ka2 Qa5+ 39. Kb1 Qe1+ 40.
Ka2 Ra7+ 41. Kb3 Qe3+ 42. Rc3 Rb7+ 0-1

[Event "4NCL/Div1/WWKS vs. WGR1"]
[Site "West Bromwich ENG"]
[Date "2004.05.03"]
[Round "9.4"]
[White "Turner, Matthew J"]
[Black "James, Russell A"]
[Result "1-0"]
[WhiteElo "2506"]
[BlackElo "2209"]
[PlyCount "107"]
[EventDate "2004.05.03"]

1. e4 d5 2. exd5 Nf6 3. Nc3 Nxd5 4. Bc4 Nb6 5. Bb3 Nc6 6. Nf3 Bf5 7. a4 a5 8.
Nh4 Bg6 9. d3 e6 10. Nxg6 hxg6 11. h3 Nd4 12. Ba2 Be7 13. Ne4 Nd5 14. c3 Nf5
15. d4 c6 16. g3 Qc7 17. Qf3 O-O-O 18. Bd2 b6 19. O-O-O Nd6 20. Ng5 Bf6 21. h4
Nf5 22. Ne4 Nd6 23. Nxf6 gxf6 24. c4 Nb4 25. Bxb4 axb4 26. Qxf6 Rh5 27. g4 Ra5
28. Bb3 Ne4 29. Qf3 f5 30. h5 gxh5 31. gxf5 Ng5 32. Qe3 Rxf5 33. Bc2 Rf4 34.
Rxh5 Nf3 35. Qxe6+ Kb8 36. Rh7 Qd6 37. d5 Rxc4 38. Qf7 Qf4+ 39. Qxf4+ Rxf4 40.
dxc6 Rxd1+ 41. Kxd1 Rd4+ 42. Ke2 Rd2+ 43. Kxf3 Rxc2 44. Ke3 Rxb2 45. f4 Rb1 46.
Ke4 b3 47. Rb7+ Kc8 48. Kf5 b2 49. Rxb6 Kc7 50. a5 Ra1 51. Rxb2 Rxa5+ 52. Ke6
Ra1 53. Rc2 Re1+ 54. Kf6 1-0

[Event "4NCL/Div1/WWKS vs. WGR1"]
[Site "West Bromwich ENG"]
[Date "2004.05.03"]
[Round "9.5"]
[White "Wu, Li"]
[Black "Baburin, Alexander"]
[Result "1/2-1/2"]
[WhiteElo "2197"]
[BlackElo "2548"]
[PlyCount "45"]
[EventDate "2004.05.03"]

1. d4 d5 2. c4 dxc4 3. Nf3 a6 4. e3 Bg4 5. Bxc4 e6 6. h3 Bh5 7. O-O Nf6 8. Be2
Nc6 9. b3 Bd6 10. Bb2 O-O 11. Nbd2 Nd5 12. Ne5 Nxe5 13. dxe5 Bxe2 14. Qxe2 Be7
15. Rad1 Qe8 16. Ne4 Rd8 17. Nf6+ gxf6 18. Rxd5 f5 19. Rxd8 Qxd8 20. Rd1 Qc8
21. e4 Rd8 22. exf5 Rxd1+ 23. Qxd1 1/2-1/2

[Event "4NCL/Div1/WWKS vs. WGR1"]
[Site "West Bromwich ENG"]
[Date "2004.05.03"]
[Round "9.6"]
[White "Emms, John M"]
[Black "Hunt, Malcolm A"]
[Result "1-0"]
[WhiteElo "2508"]
[BlackElo "1992"]
[PlyCount "65"]
[EventDate "2004.05.03"]

1. e4 e5 2. Bc4 Nf6 3. d3 c6 4. Nf3 d5 5. Bb3 Bd6 6. Nc3 Be6 7. Bg5 Qa5 8. O-O
Nbd7 9. exd5 cxd5 10. Re1 O-O 11. Qd2 Kh8 12. Bxf6 Nxf6 13. d4 Bb4 14. Nxe5 Ne4
15. Qe3 Bxc3 16. bxc3 Qxc3 17. Nd3 a5 18. Nf4 Qc6 19. Nxd5 Nxf2 20. Ne7 Ng4 21.
Nxc6 Nxe3 22. Rxe3 Bxb3 23. axb3 bxc6 24. Re5 g6 25. Raxa5 Rxa5 26. Rxa5 Rd8
27. c3 Kg7 28. Kf2 h5 29. h4 Rd6 30. b4 Kf6 31. Ke3 Ke6 32. c4 f6 33. Ra6 1-0

[Event "4NCL/Div1/WWKS vs. WGR1"]
[Site "West Bromwich ENG"]
[Date "2004.05.03"]
[Round "9.7"]
[White "Chevannes, Sabrina"]
[Black "Tiller, Bjorn"]
[Result "0-1"]
[WhiteElo "2052"]
[BlackElo "2395"]
[PlyCount "92"]
[EventDate "2004.05.03"]

1. d4 g6 2. Nf3 Bg7 3. c3 d6 4. e4 Nf6 5. Bd3 O-O 6. O-O Na6 7. h3 c5 8. a3 c4
9. Bxc4 Nxe4 10. Qb3 e6 11. Bf4 Nc7 12. Bd3 Nf6 13. Qc2 a6 14. Nbd2 b5 15. Ne4
Nxe4 16. Bxe4 Rb8 17. Rad1 Bb7 18. Nd2 Bd5 19. Be3 Qd7 20. b3 Bxe4 21. Qxe4 f5
22. Qh4 Nd5 23. c4 bxc4 24. bxc4 Nc3 25. Rde1 e5 26. dxe5 dxe5 27. Bh6 e4 28.
Nb1 Na4 29. Rd1 Qe6 30. Bxg7 Kxg7 31. Rd4 Rf7 32. Rfd1 Rc8 33. Rd6 Qxc4 34. Qf4
Re7 35. R6d4 Qc6 36. Rd6 Qc5 37. Rxa6 Nb2 38. Rf1 Nd3 39. Qd2 f4 40. Ra5 Qd4
41. Rd1 e3 42. fxe3 fxe3 43. Qe2 Nf4 44. Qe1 Qe4 45. Rg5 e2 46. Rd6 Rc1 0-1

[Event "4NCL/Div1/WWKS vs. WGR1"]
[Site "West Bromwich ENG"]
[Date "2004.05.03"]
[Round "9.8"]
[White "Hunt, Harriet"]
[Black "Cooper, David M"]
[Result "1-0"]
[WhiteElo "2392"]
[BlackElo "1952"]
[PlyCount "77"]
[EventDate "2004.05.03"]

1. e4 e6 2. d4 d5 3. Nd2 Nf6 4. e5 Nfd7 5. c3 c5 6. Bd3 Nc6 7. Ne2 cxd4 8. cxd4
f6 9. exf6 Qxf6 10. Nf3 h6 11. O-O Bd6 12. Ng3 O-O 13. Bc2 Rd8 14. Re1 Nf8 15.
a3 Bd7 16. b4 Rac8 17. Bb2 Be8 18. Ne5 Bxe5 19. dxe5 Qh4 20. Rc1 a6 21. Qd2 Bg6
22. Bb3 Nd7 23. f4 Ne7 24. Bd4 Nf5 25. Ne2 Bh5 26. Bf2 Qe7 27. h3 Bxe2 28. Qxe2
Qf8 29. Qd2 Ne7 30. Bc2 Qf7 31. Bh4 Re8 32. Bxe7 Qxe7 33. f5 Nf8 34. Bb3 Rxc1
35. Rxc1 Rd8 36. fxe6 Qxe6 37. Rc5 Qxe5 38. Rxd5 Qa1+ 39. Qd1 1-0

[Event "4NCL/Div1/MMNWE1 vs. WGR2"]
[Site "West Bromwich ENG"]
[Date "2004.05.03"]
[Round "9.1"]
[White "Dgebuadze, Alexandre"]
[Black "Littlewood, Paul E"]
[Result "1-0"]
[WhiteElo "2552"]
[BlackElo "2390"]
[PlyCount "79"]
[EventDate "2004.05.03"]

1. e4 c5 2. Nf3 d6 3. d4 cxd4 4. Nxd4 Nf6 5. Nc3 g6 6. Be2 Bg7 7. O-O O-O 8.
Be3 Nc6 9. h3 Nxd4 10. Bxd4 b6 11. f4 Bb7 12. Bf3 Qc7 13. Kh1 Rad8 14. Nd5 Nxd5
15. exd5 Qc4 16. Bxg7 Kxg7 17. Qd2 Rc8 18. c3 Rc5 19. Rfe1 Rc7 20. b3 Qc5 21.
c4 a5 22. a3 Rd7 23. f5 a4 24. Re4 f6 25. b4 Qc7 26. Rae1 gxf5 27. Rh4 Kg8 28.
Bh5 e5 29. dxe6 Rg7 30. Bf7+ Rfxf7 31. exf7+ Kxf7 32. Re2 Be4 33. Rhxe4 fxe4
34. Qd5+ Kf8 35. Qa8+ Kf7 36. Qxe4 Qd7 37. Qd5+ Kf8 38. Re6 Rg6 39. Rxd6 Qf7
40. Qa8+ 1-0

[Event "4NCL/Div1/MMNWE1 vs. WGR2"]
[Site "West Bromwich ENG"]
[Date "2004.05.03"]
[Round "9.2"]
[White "Sowray, Peter J"]
[Black "Hanley, Craig A"]
[Result "1/2-1/2"]
[WhiteElo "2360"]
[BlackElo "2330"]
[PlyCount "110"]
[EventDate "2004.05.03"]

1. d4 Nf6 2. c4 g6 3. Nf3 Bg7 4. g3 O-O 5. Bg2 d6 6. O-O Nc6 7. Nc3 a6 8. Ne1
Bd7 9. e3 Rb8 10. a4 Qc8 11. Nd3 Bh3 12. b4 Bxg2 13. Kxg2 e5 14. d5 e4 15. dxc6
exd3 16. Qxd3 bxc6 17. Ba3 Ng4 18. Rac1 Ne5 19. Qe2 Qe6 20. Ne4 Rfe8 21. Nd2 c5
22. b5 axb5 23. axb5 c6 24. bxc6 Qc8 25. Rb1 Qxc6+ 26. Kg1 d5 27. Bb2 Rb4 28.
Bxe5 Rxe5 29. Qd3 dxc4 30. Nxc4 Rd5 31. Qe4 f5 32. Qc2 Qa6 33. Rxb4 cxb4 34.
Qb3 Qe6 35. Qxb4 Bf8 36. Qb3 Rc5 37. Rc1 Qd5 38. Qa2 g5 39. Qe2 h6 40. Rc2 Qe4
41. f3 Qd5 42. Na3 f4 43. e4 Qb3 44. Nc4 g4 45. gxf4 gxf3 46. Qd2 Qb1+ 47. Kf2
Qh1 48. Ke3 Rh5 49. Ne5 Qg1+ 50. Kd3 Rh3 51. Qf2 Qb1 52. Kc4 Qb4+ 53. Kd5 Qd6+
54. Kc4 Qb4+ 55. Kd5 Qd6+ 1/2-1/2

[Event "4NCL/Div1/MMNWE1 vs. WGR2"]
[Site "West Bromwich ENG"]
[Date "2004.05.03"]
[Round "9.3"]
[White "Sebag, Marie"]
[Black "Rechel, Bernd"]
[Result "1-0"]
[WhiteElo "2398"]
[BlackElo "2425"]
[PlyCount "142"]
[EventDate "2004.05.03"]

1. e4 c5 2. Nf3 d6 3. Bb5+ Nd7 4. d4 Ngf6 5. Nc3 cxd4 6. Qxd4 e5 7. Qd3 Be7 8.
Bg5 O-O 9. Bxd7 Qxd7 10. Bxf6 Bxf6 11. O-O-O Qg4 12. Nd5 Bd8 13. Ne3 Qe6 14.
Kb1 Be7 15. Nd5 Bd8 16. Nc3 Ba5 17. Nd5 Bd8 18. Nd2 Bd7 19. Nc4 Bc6 20. Nce3
Rc8 21. h4 Bxd5 22. Qxd5 g6 23. Qxd6 Bb6 24. Qd2 Bxe3 25. Qxe3 Qc4 26. Rd2 Rfd8
27. b3 Qc6 28. Rxd8+ Rxd8 29. h5 Rd4 30. f3 b5 31. hxg6 fxg6 32. c3 Rd7 33. Kc2
Qd6 34. Qe2 Qa3 35. Kb1 Qc5 36. Kb2 a5 37. Rc1 Kg7 38. g4 h6 39. a3 b4 40. cxb4
Qd4+ 41. Rc3 axb4 42. axb4 Qxb4 43. Qe3 Qd6 44. Rc2 Qb4 45. Rh2 Qd4+ 46. Qxd4
Rxd4 47. Kc3 Rd8 48. b4 Rf8 49. Rh3 Rc8+ 50. Kb3 Rb8 51. Rh2 Rf8 52. b5 Rxf3+
53. Kc4 Re3 54. b6 Rxe4+ 55. Kc5 Rf4 56. b7 Rf8 57. Rf2 Rxf2 58. b8=Q g5 59.
Qxe5+ Rf6 60. Kd5 Kg6 61. Qe8+ Kg7 62. Ke5 Rf4 63. Qd7+ Kg6 64. Qd3+ Kg7 65.
Qc3 Kg6 66. Qc6+ Kg7 67. Qe6 Rf1 68. Qd7+ Rf7 69. Qd4 Rf1 70. Qb2 Kg6 71. Qc2+
Kg7 {Remaining moves illegible - 1-0, 102.} 1-0

[Event "4NCL/Div1/MMNWE1 vs. WGR2"]
[Site "West Bromwich ENG"]
[Date "2004.05.03"]
[Round "9.4"]
[White "Martin, Andrew D"]
[Black "Littlewood, John E"]
[Result "1-0"]
[WhiteElo "2429"]
[BlackElo "2307"]
[PlyCount "61"]
[EventDate "2004.05.03"]

1. Nf3 Nf6 2. d4 d5 3. c4 dxc4 4. e3 Bg4 5. Bxc4 e6 6. h3 Bh5 7. Nc3 a6 8. g4
Bg6 9. Ne5 Nfd7 10. Nxg6 hxg6 11. Bf1 e5 12. Bg2 c6 13. O-O exd4 14. exd4 Be7
15. Re1 O-O 16. Qb3 Bh4 17. Be3 Qb6 18. Qxb6 Nxb6 19. d5 Nc4 20. Bc5 Rc8 21.
Be7 f6 22. b3 Nb6 23. Rad1 cxd5 24. Nxd5 N8d7 25. Re2 Ra7 26. Nxb6 Nxb6 27. Bd8
Na8 28. Rd7 Kh7 29. Ree7 Rc1+ 30. Bf1 Rc2 31. Rxg7+ 1-0